Naturaleza y sentido de la ciudadanía hoy
Gardado en:
| Autor Principal: | |
|---|---|
| Formato: | Libro |
| Idioma: | Lingua castelá |
| Publicado: |
Madrid
Universidad Nacional de Educación a Distancia
2002
|
| Edición: | 1a. ed |
| Series: | Estudios de la UNED
|
| Subjects: | |
| Tags: |
Engadir etiqueta
Sen Etiquetas, Sexa o primeiro en etiquetar este rexistro!
|
MARC
| LEADER | 00000nam a2200000 a 4500 | ||
|---|---|---|---|
| 001 | UCK7355 | ||
| 003 | CL-VaPUC | ||
| 008 | 051118e20020000SP |||||||||||||||||spa|d | ||
| 020 | |a 8436245954 | ||
| 082 | 0 | 4 | |a 342.083 |b QUE |2 21 |
| 100 | 0 | |a Quesada, Fernando |e author |9 496885 | |
| 245 | 1 | 0 | |a Naturaleza y sentido de la ciudadanía hoy |
| 250 | |a 1a. ed | ||
| 300 | |a 258 p | ||
| 942 | |c BK | ||
| 945 | |d 20051118 00:00:00 |a cmena | ||
| 260 | |a Madrid |b Universidad Nacional de Educación a Distancia |c 2002 | ||
| 650 | 0 | |a Derecho constitucional |9 222588 | |
| 650 | 0 | |a Ciudadanía |9 258339 | |
| 650 | 0 | |a Jurisprudencia |9 255952 | |
| 650 | 0 | |a Filosofía del derecho |9 255050 | |
| 650 | 0 | |a Clases sociales |9 256858 | |
| 583 | |a last modification |c 20051118 00:00:00 |k Rodrigo Vera | ||
| 490 | 0 | |a Estudios de la UNED | |
| 999 | |c 315340 |d 315338 | ||
| 952 | |0 0 |1 0 |4 0 |6 342_083000000000000_QUE_2002 |7 0 |8 A |9 388444 |a BIBDER |b BIBDER |d 2019-11-22 |i 4181670 |o 342.083 QUE 2002 |p 4181670 |r 2023-01-25 |w 2019-11-22 |y BK |k DER | ||